| 000 | 00465nam a2200145 i 4500 | ||
|---|---|---|---|
| 001 | 36641 | ||
| 003 | ES-MaACL | ||
| 007 | t| | ||
| 008 | 030218s1904 fr ||||1| fre d | ||
| 100 | 1 |
_aBraunschvig, Marcel. _931429 |
|
| 245 | 1 | 3 |
_aLa sentiment du beau et le sentiment poetique _b: (essai sur l'esthetique du vers) / _cpar Marcel Braunschvig. |
| 260 |
_aParĂs : _bAlcan, _c1904 ( _eChartres : _fDurand) |
||
| 300 |
_a204 p. ; _c22 cm. |
||
| 852 |
_aES-MaACL _jB-6223 |
||
| 999 |
_c36641 _d36641 |
||